000 01718nam a2200469 i 4500
001 2529
003 KOSZ 005
005 20220318114134.0
008 220318s1985 pl a f 000 0 pol
015 _aPB 1985/8144
020 _a8321331483
035 _a991008335449705066
035 _a(PL-WaBN)b12151051-48omnis_nlop
035 _ab12151051
035 _a(OCoLC)751517150
035 _a(PL)b0000001215105
035 _a(EXLNZ-48OMNIS_NETWORK)9910505067005606
040 _aWA N
_cWA N
_dKOSZ 005/RW
046 _k1985
080 _a69+624
245 0 0 _aPoradnik majstra budowlanego /
_c[Mikołaj Bosakirski et al.] ; Polski Związek Inżynierów i Techników Budownictwa.
250 _aWydanie 4 uzupełnione i rozszerzone.
260 _aWarszawa :
_b"Arkady",
_c1985.
300 _a768 stron :
_bfotografie, rysunki ;
_c25 cm.
336 _aTekst
_btxt
_2rdacontent
337 _aBez urządzenia pośredniczącego
_bn
_2rdamedia
338 _aWolumin
_bnc
_2rdacarrier
380 _aKsiążki
380 _aPublikacje fachowe
388 1 _a1901-2000
388 1 _a1945-1989
504 _aBibliografia na stronach 767-768.
521 8 _aPoradnik przeznaczony jest przede wszystkim dla majstrów zatrudnionych w przedsiębiorstwach budowlanych, lecz może być także wykorzystany przez wykonawców indywidualnych.
650 7 _aBudownictwo
_2DBN
655 7 _aPoradnik
_2DBN
658 _aArchitektura i budownictwo
700 1 _aBosakirski, Mikołaj
_eAutor
710 2 _aWydawnictwo Arkady
_4pbl
856 _uhttp://koha.tu.koszalin.pl/cgi-bin/koha/opac-detail.pl?biblionumber=2529
_yKatalog online BPK
942 _2UKD
_cKS
999 _c2529
_d2529